[Event "Baltic Zonal 2018"]
[Site "Tallinn"]
[Date "2018.05.17"]
[Round "5"]
[White "Miezis, Normunds"]
[Black "Kulaots, Kaido"]
[Result "1-0"]
[WhiteElo "2456"]
[BlackElo "2590"]
[Annotator "TA"]
[PlyCount "95"]
[EventDate "2018.??.??"]
[EventType "swiss"]
[EventCountry "EST"]
[SourceTitle "playchess.com"]
[Source "ChessBase"]
[SourceQuality "1"]

{[%evp 20,95,4,-9,14,0,0,0,0,6,30,39,84,-38,-29,-51,-43,-60,-68,-96,-52,-56,-88,-81,-77,-131,-131,-118,-144,-218,-222,-208,-175,-238,0,0,0,0,-7,-173,-143,-123,-22,-129,-131,-101,-103,-139,-104,-138,0,0,0,0,0,0,0,0,0,0,0,0,1994,1529,29952,5233,29952,29953,12833,6009,4627,4610,29968,29969,29969,29970,29973,29969]} 1. c4 Nf6 2. Nc3 e5 {[%cal Be7e5,Be5e4][%mdl 32]} 3. Nf3 Nc6 4. g3 Bb4 5. Bg2 O-O 6. O-O e4 7. Ng5 Bxc3 8. bxc3 Re8 9. d3 exd3 10. exd3 {[%cal Be2d3,Bd3d4][%mdl 32]} d6 11. Rb1 {LiveBook: 16 Partien} Bg4 {A29: Englische Eröffnung (Vierspringer-Variante)} 12. f3 Bc8 $1 13. Ne4 Nxe4 {Die Stellung ist ausgeglichen.} 14. fxe4 Ne5 15. d4 Nxc4 $146 ({Vorgänger:} 15... Bg4 16. Qb3 Nd7 17. Be3 Be6 18. Rf4 f6 19. Rd1 {0-1 (34) Hebert,J (2400)-Tseitlin,M (2495) Paris 1995}) 16. Qh5 (16. Qb3 $1 $16 {[%cal Rb3c4]} d5 17. exd5) 16... Qe7 $15 17. Rf4 {Droht Th4 und aus.} f6 18. Bf1 Nb6 $1 19. Bd3 Qf7 20. Qd1 Be6 21. a4 a5 22. Rb2 (22. Rf2 $142) 22... Bc4 $17 23. Bb1 Qd7 24. Rbf2 (24. Bc2 $17 {war nötig.}) 24... Qxa4 $19 25. Bc2 Qd7 26. Rh4 Rf8 $2 (26... a4 $19 27. e5 g6 28. Rxf6 Re6) 27. e5 $1 $11 f5 {Weiss muss nun ...g6 beachten.} 28. g4 $1 {[%cal Rc2f5]} Qe7 29. Rh3 $2 (29. Rxh7 $1 $11 Kxh7 30. gxf5) 29... dxe5 $19 30. gxf5 {Droht stark Txh7!} Rf6 ({Günstiger ist} 30... Nd5 $1 $17 {Und weiter mit ...e4 wäre nett.} 31. Rxh7 Nf6) 31. Bg5 {[#]} (31. Qe1 $11) 31... exd4 $1 $17 32. Bxf6 (32. cxd4 a4) 32... Qxf6 33. cxd4 Re8 34. Bb3 {[#]} Bxb3 ({Besser ist} 34... a4 $1 $17 {[%cal Ra4b3][%mdl 512]} 35. Bc2 (35. Bxa4 Nxa4) 35... Bd5) 35. Qxb3+ $11 Kh8 36. Qf3 h6 37. Qxb7 Qxd4 38. f6 $1 Nd5 {( -> ...Te1+)} 39. fxg7+ Qxg7+ 40. Kf1 Nf4 $2 {[%mdl 8192]} (40... Qa1+ $11 41. Kg2 Qd4 42. Rxh6+ Kg7) 41. Rxf4 $18 Qa1+ 42. Kg2 Re2+ 43. Rf2 Rxf2+ 44. Kxf2 {Droht Matt per Dc8+.} Qa2+ 45. Kf3 {zielt auf Db8+ ab.} Qa3+ 46. Kg4 {Weiß setzt Matt.} Qa4+ 47. Kg3 Qa3+ {[#]} 48. Qf3 $1 {Precision: Weiß = 55%, Schwarz = 57%.} 1-0

[Event "Baltic Zonal 2018"]
[Site "Tallinn"]
[Date "2018.05.17"]
[Round "5"]
[White "Stremavicius, Titas"]
[Black "Vorobjov, Pavel"]
[Result "1-0"]
[WhiteElo "2451"]
[BlackElo "2233"]
[Annotator "TA"]
[PlyCount "95"]
[EventDate "2018.??.??"]
[EventType "swiss"]
[EventCountry "EST"]
[SourceTitle "playchess.com"]
[Source "ChessBase"]
[SourceQuality "1"]

{[%evp 16,95,8,8,7,11,18,8,40,36,71,76,64,-35,43,33,68,55,69,0,0,-33,0,0,0,0,0,-17,-29,-29,18,-294,-287,-265,73,0,0,-18,102,0,184,223,249,236,319,299,413,415,718,648,439,153,180,177,674,669,608,618,563,0,464,460,1449,1396,1701,905,1325,1275,1252,1252,1153,1084,1031,1038,1953,1441,2502,1231,1233,1132,1044,929]} 1. d4 Nf6 2. c4 e6 {[%cal Be7e6,Be6e5,Be5e4][%mdl 32]} 3. Nc3 Bb4 4. e3 O-O 5. a3 Bxc3+ 6. bxc3 d6 7. Bd3 e5 8. Ne2 c5 9. O-O {LiveBook: 6 Games. E28: Nimzo-Indian: Sämisch: 5...0-0 6 e3} (9. e4 Re8 10. f3 Nbd7 11. O-O Nf8 12. Be3 b6 13. Qd2 Ng6 14. Kh1 Nh5 15. Bg5 Nf6 16. Be3 h6 {1-0 (29) Kaidanov,G (2638)-Liang,C (2529) Qingdao 2002}) 9... Re8 10. Ng3 e4 11. Bb1 {The position is equal.} Qc7 $146 ({Predecessor:} 11... Nc6 12. Ra2 Qe7 13. Rd2 Na5 14. Ba2 b6 {0-1 (46) Castellet Menchon,C (1804)-Suba,M (2322) Sueca 2017}) 12. f3 cxd4 13. cxd4 {[%cal Rg3e4]} exf3 14. Qd3 (14. Rxf3 Bg4 $17) ({White should try} 14. Qxf3 $14 Bg4 15. Qf4) 14... Bg4 (14... b5 $1 $15) 15. gxf3 Bh3 16. Rd1 Nbd7 17. Nh5 (17. Ba2 $14) 17... Rac8 $36 {[%mdl 2048] Black is more active.} 18. Bb2 g6 {[%cal Bg7g6,Bg6g5][%mdl 32]} (18... Qb6 $5 {[%cal Rb6b2]} 19. Nxf6+ Nxf6 $15) 19. Nf4 $1 {[%cal Rf4h3]} Bf5 20. e4 g5 $1 21. Nd5 Nxd5 22. cxd5 Qb6 23. Bc1 $2 {[%mdl 8192]} (23. exf5 $11 {and White is okay.} Qxb2 24. f6 $1 {[%mdl 512]} Nxf6 25. Qf5 Qxa1 26. Qxg5+ Kf8 27. Qxf6) 23... Ne5 $1 $19 {[%cal Re5d3]} 24. Qe3 Bg6 $2 ({Better is} 24... g4 $1 $19 25. fxg4 (25. dxe5 $2 Rxc1 26. Qxb6 Rxd1+ 27. Kf2 axb6 $19) 25... Bxg4) 25. Kg2 ({Avoid the trap} 25. dxe5 $2 Rxc1 $1 {[%mdl 512]} 26. Qxb6 Rxd1+ 27. Kf2 axb6 $19) (25. Ba2 $16) 25... Nd7 $11 26. Qxg5 Rc3 (26... Kh8 $11 27. Kf2 Rg8) 27. Bd2 (27. Bd3 $16) 27... Rb3 $2 (27... Qxd4 $11 {and Black stays safe.} 28. Bxc3 Qxd1) 28. Bc2 $18 Rb2 {[#]} 29. Ba4 $1 {[%cal Ra4d7]} f6 30. Qe3 Re7 31. Kh1 f5 (31... Rg7 $142 32. Rg1 Qd8) 32. Bxd7 f4 33. Qc3 $2 (33. Qxf4 $18 {is more deadly.} Rxd7 34. Qg4) 33... Rxd7 $16 34. Qc8+ Rd8 $2 (34... Qd8 35. Qc3 Qb6) 35. Qe6+ $18 Kg7 36. Qe7+ Kg8 37. Qe6+ Kg7 $1 38. Bxf4 {Intending Qe7+ and mate.White is clearly winning.} Rf8 (38... Qc7 $142 39. Rab1 Rxb1 40. Rxb1 b5 41. Rxb5 Rf8) 39. Bxd6 Rxf3 40. Rf1 Qxd6 41. Qxd6 Rxf1+ 42. Rxf1 {[%csl Gf1][%cal Rd6f8]} Bxe4+ 43. Rf3 $1 (43. Kg1 $2 {leads to mate.} Rg2+ 44. Kh1 Rg6+ 45. Rf3 Bxf3#) 43... Bxf3+ 44. Kg1 Rb6 45. Qc7+ Kg8 46. d6 {[%cal Bd5d6,Bd6d7][%mdl 32] White wants to mate with d7.} Bg4 47. Qd8+ Kf7 48. d7 {Precision: White = 47%, Black = 25%.} 1-0

[Event "Baltic Zonal 2018"]
[Site "Tallinn"]
[Date "2018.05.17"]
[Round "5"]
[White "Laurusas, Tomas"]
[Black "Rozentalis, Eduardas"]
[Result "1/2-1/2"]
[WhiteElo "2428"]
[BlackElo "2523"]
[Annotator "TA"]
[PlyCount "38"]
[EventDate "2018.??.??"]
[EventType "swiss"]
[EventCountry "EST"]
[SourceTitle "playchess.com"]
[Source "ChessBase"]
[SourceQuality "1"]

{[%evp 16,17,27,15]} 1. d4 Nf6 2. Nf3 e6 3. c4 b6 4. g3 Bb7 5. Bg2 Be7 6. O-O O-O 7. Nc3 Ne4 8. Bd2 Bf6 9. Rc1 {LiveBook: 481 Games} {Predecessor:} Nxd2 $146 10. Qxd2 d6 11. d5 e5 12. e4 Nd7 13. h4 a5 14. Bh3 Nc5 15. Kg2 Bc8 16. Rh1 Bxh3+ 17. Rxh3 Qd7 18. Nh2 h5 19. f3 g6 {1-0 (48) So,W (2808)-Rapport,R (2702) Wijk aan Zee 2017} 1/2-1/2

[Event "Baltic Zonal 2018"]
[Site "Tallinn"]
[Date "2018.05.17"]
[Round "5"]
[White "Sarakauskas, Gediminas"]
[Black "Sulskis, Sarunas"]
[Result "1/2-1/2"]
[WhiteElo "2424"]
[BlackElo "2503"]
[Annotator "TA"]
[PlyCount "67"]
[EventDate "2018.??.??"]
[EventType "swiss"]
[EventCountry "EST"]
[SourceTitle "playchess.com"]
[Source "ChessBase"]
[SourceQuality "1"]

{[%evp 13,67,62,68,52,60,62,58,53,47,52,62,34,45,38,47,16,20,11,19,14,15,16,15,13,17,17,31,0,0,0,29,0,1,0,11,0,0,0,6,6,8,-19,-11,-2,0,0,0,0,0,0,0,0,0,0,0,0]} 1. e4 d5 2. exd5 Qxd5 3. Nc3 Qd6 4. d4 Nf6 5. Nf3 g6 (5... c6 6. h3 Nbd7 7. Bd3 g6 8. O-O Bg7 9. Re1 O-O 10. Qe2 e6 11. Bg5 b6 12. Rad1 Bb7 13. Ne5 c5 14. dxc5 Qxe5 15. Qxe5 Nxe5 16. Rxe5 {1-0 (90) Guseinov,G (2645)-Carlsen,M (2832) chess.com INT 2017}) 6. Nb5 {B01: Scandinavian Defence} Qd8 7. Bf4 Na6 {LiveBook: 24 Games} 8. Bc4 {White is slightly better.} Bg7 9. O-O O-O 10. h3 c6 11. Nc3 Nc7 12. Qd2 Ncd5 13. Be5 {[#]} Be6 $146 14. Bb3 Nxc3 15. Qxc3 {Threatening Bxe6.} Bd5 16. Bxd5 cxd5 17. Qb3 Qd7 18. a4 a6 19. a5 Qb5 20. Qxb5 axb5 21. Ra3 Rfc8 22. c3 Ne4 {The position is equal.} 23. Rfa1 f6 24. Bg3 Rc4 25. Rb3 Ra4 $1 {[%cal Ra4a1]} 26. Rxa4 bxa4 27. Rxb7 {[#] Rb8+ is the strong threat.} (27. Rb5 {seems wilder.} a3 28. bxa3 Nxc3 29. Rc5 Ne2+ 30. Kf1) 27... Rxa5 28. Rxe7 Rb5 29. Ra7 Rxb2 {White must now prevent ...Ra2.} 30. Rxa4 Nxc3 31. Ra8+ Kf7 32. Ra7+ Kg8 33. Ra8+ Kf7 34. Ra7+ {Precision: White = 70%, Black = 86%.} 1/2-1/2

[Event "Baltic Zonal 2018"]
[Site "Tallinn"]
[Date "2018.05.17"]
[Round "5"]
[White "Beinoras, Mindaugas"]
[Black "Ladva, Ottomar"]
[Result "1/2-1/2"]
[WhiteElo "2350"]
[BlackElo "2517"]
[Annotator "TA"]
[PlyCount "213"]
[EventDate "2018.??.??"]
[EventType "swiss"]
[EventCountry "EST"]
[SourceTitle "playchess.com"]
[Source "ChessBase"]
[SourceQuality "1"]

{[%evp 19,213,33,43,33,31,0,31,0,52,75,73,67,64,44,35,29,56,43,76,52,45,35,67,62,79,70,79,82,75,16,24,20,22,21,35,28,37,34,29,33,25,29,29,25,166,160,285,281,273,198,204,201,385,383,371,364,467,430,433,415,452,466,451,391,389,389,374,364,353,378,385,385,507,507,491,389,389,389,375,375,375,375,360,327,327,323,291,8,8,8,8,8,8,8,8,8,8,8,8,8,8,8,29977,29979,29979,76,29980,29981,29984,29985,29985,8,8,8,8,8,8,8,8,8,8,0,8,8,8,8,8,8,8,8,8,8,8,8,8,8,29972,29976,29970,8,29978,29979,29986,8,8,0,8,0,8,0,29972,0,8,8,8,8,8,8,8,8,8,8,23,0,8,8,8,0,0,0,0,0,0,0,0,0,0,0,0,0,0,0,0,0,0,0,0,0,0,0,8,0,0,0,0,0]} 1. d4 Nf6 2. c4 e6 3. Nf3 a6 4. Nc3 d5 5. cxd5 exd5 6. Bg5 {[%cal Bc1g5,Bg5h4,Bh4g3,Bg3e5][%mdl 32] D37: Queen's Gambit Declined: 5 Bf4} (6. Qb3 Be7 7. Bf4 O-O 8. e3 c6 9. Bxb8 Rxb8 10. Bxa6 Bd6 11. Be2 Re8 12. O-O h5 13. Qc2 g6 {0-1 (38) Gelfand,B (2695)-Andreikin,D (2712) Moscow 2018}) 6... Be6 7. e3 Nbd7 8. Bd3 h6 9. Bh4 g5 10. Bg3 Nh5 {LiveBook: 48 Games} 11. Be5 Ng7 12. Bg3 Nh5 $1 13. Be5 Nxe5 (13... Ng7 $11) 14. Nxe5 $14 Nf6 $146 15. O-O c5 16. dxc5 Bxc5 17. Nf3 Qd6 18. Rc1 Kf8 19. Qa4 Kg7 20. Ne2 b5 21. Qd1 Rac8 22. a4 b4 23. Ng3 Ba7 24. Nf5+ (24. Bc2 $16) 24... Bxf5 $1 $11 25. Bxf5 Rxc1 26. Qxc1 b3 27. Rd1 Rb8 28. Qc3 Rb4 29. a5 Qc5 30. Qxc5 (30. Qe5 Bb8 $17) 30... Bxc5 31. Bd3 $36 {[%mdl 2048] White is pushing.} Be7 (31... Ra4 $11) 32. Ra1 $1 $18 ({Resist} 32. Bxa6 $6 Ra4 $14) 32... Ne4 (32... Ne8 $16 {might work better.}) 33. Bxa6 Nc5 34. Be2 Bf6 {[#]} 35. Nd4 $1 {[%mdl 512]} Bxd4 $2 (35... Ne6) 36. exd4 Rxd4 {[%mdl 4096] Endgame KRB-KRN} 37. a6 Nd7 {Now ...Rd2 and Black clings on.} 38. Bd1 Nb6 39. a7 Rd2 40. Bxb3 d4 41. g4 Rxb2 {[#]} 42. Bd5 $1 {[%mdl 512]} d3 (42... Nxd5 43. a8=Q) 43. a8=Q Nxa8 44. Bxa8 {KRB-KR} h5 45. h3 hxg4 46. hxg4 d2 {intending ...Ra2.} 47. Bf3 Rc2 {Hoping for ...Rc1+.} 48. Rd1 Kf6 49. Kf1 Ke5 50. Ke2 Kf4 51. Bd5 Kxg4 52. Bxf7 Kf4 53. Kd3 $2 ({Stronger than} 53. Rxd2 Rxd2+ 54. Kxd2 g4 $11) (53. Bd5 $18) 53... Rc7 $11 54. Bd5 {Black must now prevent Bg2.} g4 55. Rxd2 {Ke2 is the strong threat.} g3 56. fxg3+ Kxg3 57. Ke3 Rc3+ 58. Ke4 Rf3 59. Ke5 Re3+ 60. Kf5 Kh4 $2 {[%mdl 8192]} (60... Re8 $11) 61. Kf4 $1 Rg3 62. Rh2+ $1 ({Weaker is} 62. Be6 Rg4+ 63. Kf5 Rg1 $14) 62... Rh3 63. Rg2 Kh5 64. Be4 Rh4+ 65. Kf5 $2 (65. Ke5 $1 Rh1 66. Bf3+ Kh6 67. Kf6 Rh3 68. Bg4 Rh1 69. Re2 Rf1+ 70. Bf5) 65... Kh6 $1 66. Kf6 {White wants to mate with Rg6+.} Rf4+ $1 67. Bf5 {White threatens Rh2+ and mate.} Kh5 $1 68. Rg3 Ra4 69. Rh3+ Rh4 70. Rg3 {Threatening mate with Rg8.} Ra4 71. Rg8 {[%cal Rg8h8]} Kh4 $1 72. Ke5 Rb4 73. Rg7 Kh5 74. Rg1 Ra4 75. Rg3 Kh4 76. Rg7 Kh5 77. Be4 (77. Bc2 {keeps more tension.} Rb4 78. Bd1+ Kh6 79. Rg8 Rb5+ 80. Ke4) 77... Kh6 $2 {[%mdl 8192]} (77... Kh4 $11) 78. Rg6+ Kh5 79. Rg3 $2 (79. Kf5 $1 Rb4 80. Rc6 Rb5+ 81. Kf4 Kh4 82. Rc1 Rb3 83. Rc7 Rb5 84. Rc1) 79... Kh4 $2 {[%mdl 8192]} (79... Ra1 $11) 80. Rg1 $1 Kh5 {[#]} 81. Bf5 $2 (81. Kf4 $1 Kh6 82. Rg6+ Kh5 83. Rc6 Rd4 84. Rc5+ Kh6 85. Rc7 Rxe4+ 86. Kxe4) 81... Kh4 82. Rg7 Kh5 83. Be4 (83. Bb1 {is more complex.} Ra5+ 84. Ke4 Kh6 85. Rg3 Ra4+ 86. Ke3) 83... Kh6 84. Rg6+ Kh5 {[#]} 85. Rg3 $2 (85. Kf5 $1 {mates} Ra7 86. Kf4 Ra5 87. Rd6 Kh4 88. Rd1 Ra3 89. Bc2 Rg3 90. Rh1+ Rh3 91. Rg1) 85... Kh4 86. Rg7 Kh5 87. Kf4 {[%cal Rg7h7]} Ra6 88. Rb7 Rf6+ 89. Bf5 Ra6 90. Rb3 {[%cal Rb3h3]} (90. Ke5 {is interesting.} Kh4 91. Rb3 Ra8 92. Be6 Rf8 93. Rh3+) 90... Kh6 91. Rh3+ Kg7 {The position is equal.} 92. Kg5 Kf8 93. Rh7 Ke8 94. Be4 Re6 95. Bf5 (95. Rh4 {with more complications.} Rb6 96. Kh5 Ke7 97. Kg4 Rb4 98. Kh5) 95... Rb6 96. Ra7 Kd8 97. Kf4 Rb5 98. Ke4 Rc5 99. Rd7+ Ke8 100. Be6 Ra5 101. Rb7 Kd8 102. Bd5 Kc8 103. Rh7 {Strongly threatening Ke5.} Rc5 104. Ke5 {Intending Kd6 and mate.} Rc7 105. Rh8+ Kd7 106. Rg8 Ke7 107. Rg6 {Precision: White = 57%, Black = 60%.} 1/2-1/2

[Event "Baltic Zonal 2018"]
[Site "Tallinn"]
[Date "2018.05.17"]
[Round "5"]
[White "Narva, Mai"]
[Black "Chukavin, Kirill"]
[Result "1-0"]
[WhiteElo "2322"]
[BlackElo "2310"]
[Annotator "NA"]
[PlyCount "89"]
[EventDate "2018.??.??"]
[EventType "swiss"]
[EventCountry "EST"]
[SourceTitle "playchess.com"]
[Source "ChessBase"]
[SourceQuality "1"]
[TimeControl "5400+30"]

{[%evp 9,56,12,16,14,26,16,22,-8,14,25,25,32767,32767,21,77,24,71,57,118,30,96,32767,89,32767,32767,229,271,323,298,311,484,497,434,189,198,191,196,108,179,210,32767,207,239,255,245,220,222,167,294]} 1. e4 {[%emt 0:00:00]} c5 {[%emt 0:00:16]} 2. Nf3 {[%emt 0:00:00]} e6 {[%emt 0:00:16]} 3. c3 {[%emt 0:00:00]} d5 {[%emt 0:00:21]} 4. e5 {[%emt 0:00:09]} d4 {[%emt 0:00:16]} 5. Bd3 {[%emt 0:00:24]} Nc6 {[%emt 0:00:51]} 6. O-O {[%emt 0:00:21]} Nge7 {[%emt 0:00:41]} 7. Re1 {[%emt 0:00:44]} Ng6 {[%emt 0:01:15]} 8. g3 {[%emt 0:00:50]} Qc7 {[%emt 0:07:44]} 9. Qe2 {[%emt 0:00:50] LiveBook: 6 Games} b6 {[%emt 0:22:36]} 10. Na3 {[%emt 0:02:27]} Bb7 {[%emt 0:03:14]} 11. h4 {[%emt 0:04:17]} Be7 {[%emt 0:05:41]} (11... Qd7 $11) 12. Be4 {[%emt 0:11:08]} O-O-O {[%emt 0:12:40]} 13. d3 {[%emt 0:06:02]} h6 {[%emt 0:09:33]} (13... a6 $14) 14. Bd2 {[%emt 0:04:27]} ({Better is} 14. Nb5 $16 Qd7 15. cxd4) 14... Kb8 {[%emt 0:01:44]} 15. Rac1 {[%emt 0:02:23]} Qd7 {[%emt 0:02:49]} ({Don't blunder} 15... Ngxe5 $2 16. Nxe5 Nxe5 17. Bxb7 $18) 16. Nc2 {[%emt 0:03:40]} Nf8 {[%emt 0:04:24]} 17. cxd4 {[%emt 0:05:52]} cxd4 {[%emt 0:02:07]} 18. b4 {[%emt 0:01:45]} a6 {[%emt 0:02:46]} 19. a4 {[%emt 0:02:40]} b5 {[%emt 0:02:22]} (19... Na7 $142 20. Ncxd4 g5 21. hxg5 hxg5 22. Bxg5 Bxg5) 20. axb5 {[%emt 0:02:35]} axb5 {[%emt 0:00:05]} 21. Na3 {[%emt 0:04:13]} (21. Ra1 $142) 21... Na7 {[%emt 0:01:56]} ({Don't go for} 21... Nxb4 $2 22. Bxb7 Qxb7 23. Rb1 $18) 22. Bxb7 {[%emt 0:02:21]} Qxb7 {[%emt 0:01:10] [#]} 23. Qe4 {[%emt 0:02:15]} (23. Nc2 $1 $18) 23... Rd5 {[%emt 0:05:15]} (23... Qd5 $16 24. Kg2 Ng6 25. Qxd5 Rxd5) 24. Nc2 {[%emt 0:05:27]} ({Don't do} 24. Nxd4 $6 Nd7 $16) 24... Nd7 {[%emt 0:02:27]} 25. Ncxd4 {[%emt 0:00:55]} Rd8 {[%emt 0:04:23]} 26. Rc2 {[%emt 0:07:38]} Nb6 {[%emt 0:03:36]} 27. Rec1 {[%emt 0:01:55]} R5d7 {[%emt 0:00:59]} 28. Qg4 {[%emt 0:06:02]} Bf8 $18 {[%emt 0:01:52]} (28... g5 $16 29. hxg5 hxg5) 29. h5 {[%emt 0:02:32]} Rc8 {[%emt 0:01:06]} 30. Rxc8+ {[%emt 0:02:09]} Nbxc8 {[%emt 0:00:02]} 31. Be3 {[%emt 0:01:09]} Nb6 {[%emt 0:01:00]} 32. Nb3 {[%emt 0:07:00]} Rxd3 {[%emt 0:00:11]} 33. Na5 {[%emt 0:01:17]} Qd5 {[%emt 0:00:11]} 34. Qf4 {[%emt 0:00:32]} Rd1+ {[%emt 0:01:08]} 35. Rxd1 {[%emt 0:00:20]} Qxd1+ {[%emt 0:00:01]} 36. Kg2 {[%emt 0:00:28]} Nd7 {[%emt 0:00:43]} 37. Nd4 {[%emt 0:02:00]} Bxb4 {[%emt 0:00:47]} 38. Nac6+ {[%emt 0:00:43]} Nxc6 {[%emt 0:00:02]} 39. Nxc6+ {[%emt 0:00:06]} Kc8 {[%emt 0:00:57]} 40. Nxb4 {[%emt 0:00:10]} Qxh5 {[%emt 0:00:12]} 41. Bd4 {[%emt 0:01:07]} Qf5 {[%emt 0:00:44]} 42. Qc1+ {[%emt 0:00:54]} Kd8 {[%emt 0:00:12]} 43. Qc6 {[%emt 0:00:25]} f6 {[%emt 0:00:48]} 44. Qb7 {[%emt 0:01:36]} Ke8 {[%emt 0:00:35]} 45. Qc8+ {[%emt 0:00:53]} 1-0

[Event "Baltic Zonal 2018"]
[Site "Tallinn"]
[Date "2018.05.17"]
[Round "5"]
[White "Kalvaitis, Sigitas"]
[Black "Seeman, Tarvo"]
[Result "0-1"]
[WhiteElo "2194"]
[BlackElo "2426"]
[Annotator "TA"]
[PlyCount "60"]
[EventDate "2018.??.??"]
[EventType "swiss"]
[EventCountry "EST"]
[SourceTitle "playchess.com"]
[Source "ChessBase"]
[SourceQuality "1"]

{[%evp 21,60,-10,-6,-20,0,-23,-21,-13,-14,-25,-2,-18,-22,-43,-33,-36,-34,-142,-77,-63,-81,-136,-108,-109,-108,-117,-154,-148,-132,-169,-162,-154,-158,-219,-221,-702,-710,-695,-694,-864,-831]} 1. e4 g6 2. Nc3 Bg7 3. g3 c5 4. Bg2 Nc6 5. Nge2 Nf6 6. O-O O-O 7. d3 Rb8 8. a4 a6 9. Be3 d6 10. h3 b5 11. axb5 axb5 {LiveBook: 4 Games} 12. Qd2 {B25: Closed Sicilian: 3 g3, lines without early Be3} e6 (12... b4 13. Nd1 e5 14. Bh6 Nd4 15. Bxg7 Kxg7 16. Kh2 Bb7 17. Ne3 d5 18. exd5 Nxd5 19. Ng4 Nxe2 20. Qxe2 {1-0 (34) McShane,L (2640)-Chigaev,M (2555) Katowice 2017}) 13. f4 $146 ({Predecessor:} 13. Bh6 Qb6 14. Bxg7 Kxg7 15. f4 b4 16. Na4 Qc7 17. Qe3 Rb5 18. g4 Ne8 {1-0 (50) Jacobsen,F (2042)-Forsaa,E (1846) Ascot 2014}) 13... b4 14. Nd1 {The position is equal.} Bb7 15. Nf2 Ra8 16. g4 Qb6 17. Ng3 Rxa1 18. Rxa1 Nd7 $36 {[%mdl 2048] Black is pushing.} 19. e5 ({Better is} 19. c3 $15) 19... f5 (19... dxe5 $142 20. f5 exf5 21. gxf5 Nd4 22. Bxd4 Bxg2) 20. exf6 $17 Nxf6 21. f5 (21. Qe1 $142) 21... exf5 22. gxf5 Ne5 {[#] Hoping for ...Bxg2.} 23. Nfe4 Nxe4 24. Nxe4 Rxf5 {White must now prevent ...Nf3+.} 25. Rf1 {[#]} Rxf1+ $1 26. Kxf1 b3 27. cxb3 (27. c3 $17) 27... Qxb3 $19 28. Nxd6 $2 (28. Nf2) 28... Bxg2+ {Black is clearly winning.} 29. Kxg2 Qd5+ 30. Ne4 Nxd3 {Precision: White = 23%, Black = 68%.} 0-1

[Event "Baltic Zonal 2018"]
[Site "Tallinn"]
[Date "2018.05.17"]
[Round "5"]
[White "Vicas, Marijus"]
[Black "Berzina, Ilze"]
[Result "0-1"]
[WhiteElo "2190"]
[BlackElo "2176"]
[Annotator "NA"]
[PlyCount "72"]
[EventDate "2018.??.??"]
[EventType "swiss"]
[EventCountry "EST"]
[SourceTitle "playchess.com"]
[Source "ChessBase"]
[SourceQuality "1"]
[TimeControl "5400+30"]

1. e4 c6 2. d4 d5 3. e5 c5 4. dxc5 Nc6 5. a3 {B12: Caro-Kann: Advance Variation} Nxe5 6. Bb5+ (6. b4 Nf6 7. Bb2 Nc6 8. Nf3 g6 9. Nc3 d4 10. Nb5 e5 11. Qe2 Bg4 12. O-O-O Bh6+ {1-0 (48) Nepomniachtchi,I (2751)-Navara,D (2737) Saint Louis 2017}) 6... Nc6 7. b4 Nf6 8. Bb2 Bg4 9. Nf3 e6 10. O-O Be7 11. c4 O-O 12. Qb3 $146 ({Predecessor:} 12. Nbd2 Ne4 13. Nxe4 dxe4 14. Qxd8 Rfxd8 15. Bxc6 bxc6 {0-1 (57) Mamontova,A (2058)-Belenkaya,D (2294) St Petersburg 2018}) 12... Qc7 13. cxd5 Nxd5 14. Bxc6 bxc6 15. Ne5 Bf5 16. Nd2 a5 17. Ndc4 axb4 18. axb4 Rab8 19. Ra4 {[#]} Bxc5 $1 20. Qg3 Rxb4 21. Ra6 $2 (21. Rxb4 $17 {was necessary.} Bxb4 {[#]} 22. Nxc6 $1 {[%mdl 512]} Qxg3 23. hxg3) 21... f6 22. Rxc6 Qe7 23. Nd3 Rb3 ({Don't take} 23... Rxc4 24. Nxc5 Rxc5 25. Rxc5 $19) 24. Nxc5 Rxg3 25. hxg3 Nb4 26. Nxe6 Nxc6 27. Nxf8 Qxf8 28. Ba3 Qd8 29. Nd6 Bd7 30. Rd1 h5 31. Ne4 Qa5 $19 32. Bc1 Bf5 33. Nd6 Bc2 34. Rd2 Ne5 35. f3 Bd3 36. Kh2 Qc5 0-1

[Event "Baltic Zonal 2018"]
[Site "Tallinn"]
[Date "2018.05.17"]
[Round "5"]
[White "Haavamae, Henrik"]
[Black "Tokranovs, Dmitrijs"]
[Result "0-1"]
[WhiteElo "2098"]
[BlackElo "2337"]
[Annotator "TA"]
[PlyCount "84"]
[EventDate "2018.??.??"]
[EventType "swiss"]
[EventCountry "EST"]
[SourceTitle "playchess.com"]
[Source "ChessBase"]
[SourceQuality "1"]

{[%evp 26,84,28,24,50,49,36,-20,0,-34,-43,-26,0,-22,-9,-52,-40,-32,-42,-49,-56,-68,-52,-68,-56,-44,-27,-27,-27,-61,-40,-38,-44,-72,-45,-153,-179,-162,-181,-324,-339,-324,-321,-322,-325,-308,-263,-193,-332,-372,-358,-879,-858,-716,-857,-814,-805,-743,-743,-706,-672]} 1. e4 {[%cal Be2e4,Be4e5][%mdl 32]} Nf6 2. e5 Nd5 3. d4 d6 4. c4 Nb6 5. exd6 exd6 6. Nf3 Be7 7. Be2 Bg4 8. O-O O-O 9. Nc3 Nc6 10. b3 Bf6 11. Be3 d5 12. c5 Nc8 13. h3 Be6 14. b4 {[%cal Bb3b4,Bb4b5][%mdl 32] LiveBook: 5 Games} N8e7 {B05: Alekhine's Defence: 4 Nf3 Bg4} (14... a6 15. Bf4 N8e7 16. b5 axb5 17. Nxb5 Rc8 18. Bd3 Nf5 19. Bc2 Na5 20. Qd3 g6 21. Qc3 Nc4 22. Rfe1 {1-0 (37) Pezzica,G (2503)-Hugentobler,P (2446) ICCF email 2008}) 15. b5 Na5 16. g4 (16. Bf4 $14) 16... h6 {The position is equal.} 17. Nd2 $146 ({Predecessor:} 17. Ne5 Nc4 18. Nxc4 dxc4 19. Qa4 Nd5 20. Nxd5 Qxd5 21. Rac1 Qe4 22. Qc2 Qxc2 23. Rxc2 {1-0 (48) Malik,J (2246)-Karhanek,P (2105) Havirov 2013}) 17... b6 18. c6 Nc4 19. Nxc4 $1 dxc4 20. Qa4 Nd5 21. Nxd5 Qxd5 22. Rac1 {[%cal Ra4c4]} a6 23. Bxc4 Qf3 24. Bxe6 $1 fxe6 25. Qb3 axb5 26. Qxe6+ Kh8 27. g5 Bxg5 28. Bxg5 hxg5 29. Rc2 Rf4 $36 {[%mdl 2048] Black fights for an advantage.} 30. d5 (30. Rb2 $15) 30... Rh4 $17 31. Qe3 Qxd5 32. f4 (32. Qb3 $142 Qe4 33. Rc3) 32... Rxf4 $19 ({Weaker is} 32... Rxa2 33. Qe8+ Kh7 34. Rxa2 $11) 33. Re1 Raf8 ({Don't do} 33... Rxa2 34. Qe8+ Kh7 35. Qh5+ Kg8 36. Rxa2 $19) 34. Rg2 Qxc6 35. Rxg5 Qc4 36. Rh5+ Kg8 37. Qb3 c5 38. Rc1 $2 {[#]} (38. Qxc4+ bxc4 39. Rc1) 38... Rf1+ {Black is clearly winning.} 39. Rxf1 Rxf1+ 40. Kg2 Qxb3 41. axb3 Rb1 42. Kf3 Rxb3+ {Precision: White = 33%, Black = 62%.} 0-1